000 01226cam a2200361 4500
999 _c24072
_d24072
001 vtls012060297
005 20251118100011.0
008 210629s2021 xo g 010 f slo
020 _a9788022211734
_q(viazané)
040 _aTTKJF
_bslo
_cTTKJF
_dSNK
_erda
041 1 _aslo
_heng
044 _axo
_cSK
072 7 _a821.111(73)-3
_xAmerická próza
_2konspekt
080 _a821.111(73)-31
_22011
080 _a(0:82-311.6)
_22011
100 1 _aJoshi, Alka
_4aut
_95308
240 1 4 _aThe Henna Artist
_lSlovensky
245 1 0 _aUmelkyňa s henou
_cAlka Joshi ; z anglického originálu The Henna Artist ... preložila Lenka Cinková
250 _aVydanie 1.
264 1 _aBratislava
_bTatran
_c2021
300 _a303 strán
_c24 cm
336 _atext
_btxt
_2rdacontent
337 _abez média
_bn
_2rdamedia
338 _azväzok
_bnc
_2rdacarrier
500 _aObsahuje stručné biografické údaje o autorke na záložke prebalu publikácie
655 7 _aamerické romány
_2SNKPH
_92
655 7 _aAmerican fiction
_2SNKPHeng
_93
655 7 _ahistorické romány
_2SNKPH
_91688
655 7 _aHistorical novels
_2SNKPHeng
_91689
700 1 _aCinková, Lenka,
_d1987-
_4trl
_92137
958 _aLX
958 _aUP